<?xml version="1.0" encoding="UTF-8"?>
<marc:record xmlns:marc="http://www.loc.gov/MARC21/slim">
   <marc:leader>00000nam a2200000 a 4500</marc:leader>
   <marc:datafield ind1="1" ind2=" " tag="100">
      <marc:subfield code="a">Möller, Steffen</marc:subfield>
      <marc:subfield code="4">aut</marc:subfield>
      <marc:subfield code="e">Verfasser/-in</marc:subfield>
   </marc:datafield>
   <marc:datafield ind1=" " ind2=" " tag="653">
      <marc:subfield code="a">Deutscher Einwanderer</marc:subfield>
   </marc:datafield>
   <marc:datafield ind1=" " ind2=" " tag="653">
      <marc:subfield code="a">Alltag</marc:subfield>
   </marc:datafield>
   <marc:datafield ind1=" " ind2=" " tag="653">
      <marc:subfield code="a">Gesellschaft</marc:subfield>
   </marc:datafield>
   <marc:datafield ind1=" " ind2=" " tag="653">
      <marc:subfield code="a">Wirtschaft/Biographien</marc:subfield>
   </marc:datafield>
   <marc:datafield ind1=" " ind2=" " tag="653">
      <marc:subfield code="a">Autobiographien</marc:subfield>
   </marc:datafield>
   <marc:datafield ind1=" " ind2=" " tag="653">
      <marc:subfield code="a">Erlebnisbericht</marc:subfield>
   </marc:datafield>
   <marc:datafield ind1="0" ind2="0" tag="245">
      <marc:subfield code="a">Viva Polonia</marc:subfield>
   </marc:datafield>
   <marc:datafield ind1="0" ind2="0" tag="245">
      <marc:subfield code="b">als deutscher Gastarbeiter in Polen ; [mit Bonusmaterial</marc:subfield>
   </marc:datafield>
   <marc:datafield ind1="0" ind2="0" tag="245">
      <marc:subfield code="c">Steffen Möller</marc:subfield>
   </marc:datafield>
   <marc:datafield ind1=" " ind2="1" tag="264">
      <marc:subfield code="a">Frankfurt, M.</marc:subfield>
      <marc:subfield code="b">Fischer-Taschenbuch-Verl.</marc:subfield>
      <marc:subfield code="c">2009</marc:subfield>
   </marc:datafield>
   <marc:datafield ind1="1" ind2=" " tag="490">
      <marc:subfield code="a">Fischer</marc:subfield>
      <marc:subfield code="v">18045</marc:subfield>
   </marc:datafield>
   <marc:datafield ind1=" " ind2=" " tag="250">
      <marc:subfield code="a">Überarb. und erw. Ausg.</marc:subfield>
   </marc:datafield>
   <marc:datafield ind1="1" ind2=" " tag="520">
      <marc:subfield code="a">Angaben aus der Verlagsmeldung

Viva Polonia : Als deutscher Gastarbeiter in Polen / von Steffen Möller

Steffen Möller lebt seit 1994 freiwillig in Polen und ist dort der zweitbekannteste Deutschen – gleich nach dem Papst. Den preisgekrönten Kabarettisten kennt heute jeder Pole: Entweder als unglücklich verliebten Stefan Müller aus der beliebtesten Fernsehserie des Landes »M jak Milosc« (»L wie Liebe«) und aus der Comedy-Show »Europa da sie lubic« (»Europa lässt sich mögen«). In über fünfzig Schlagworten, von Aberglaube und Anarchie bis zu Verschwörungstheorien und Warschauer U-Bahn versucht er, dem Geheimnis der polnischen Mentalität auf die Spur zu kommen. Er verrät polnische Wörter, die man nicht ins Deutsche übersetzen kann, präsentiert für jede deutsch-polnische Ehe seine Liste des polnischen Hochzeits-Aberglaubens und hat für die Liebhaber des politischen Dialogs sieben Regeln für eine deutsch-polnische Podiumsdiskussion.
Diese Taschenbuchausgabe des Bestsellers »Viva Polonia« enthält zusätzliches Bonusmaterial: persönliche Reise-Empfehlungen des Autors, seine Lieblingsrezepte und die skurrilsten Orte Polens.
</marc:subfield>
   </marc:datafield>
   <marc:datafield ind1=" " ind2=" " tag="020">
      <marc:subfield code="a">9783596180455</marc:subfield>
      <marc:subfield code="9">9783596180455</marc:subfield>
   </marc:datafield>
   <marc:datafield ind1=" " ind2=" " tag="041">
      <marc:subfield code="a">ger</marc:subfield>
   </marc:datafield>
   <marc:datafield ind1=" " ind2=" " tag="300">
      <marc:subfield code="a">400 S.</marc:subfield>
   </marc:datafield>
</marc:record>
